El derecho de la televisión / (Registro nro. 28614)
[ vista simple ]
| 000 -LEADER | |
|---|---|
| fixed length control field | 03279nam a2200301Ia 4500 |
| 003 - CONTROL NUMBER IDENTIFIER | |
| control field | CO-CtgCURN |
| 005 - DATE AND TIME OF LATEST TRANSACTION | |
| control field | 20250408171348.0 |
| 008 - FIXED-LENGTH DATA ELEMENTS--GENERAL INFORMATION | |
| fixed length control field | 190723s2009 xx 000 0 und d |
| 020 ## - INTERNATIONAL STANDARD BOOK NUMBER | |
| International Standard Book Number | 9789589887301 |
| 040 ## - CATALOGING SOURCE | |
| Original cataloging agency | CO-CtgCURN |
| Language of cataloging | spa |
| Transcribing agency | coctgcurn |
| 082 ## - DEWEY DECIMAL CLASSIFICATION NUMBER | |
| Classification number | 343.099 |
| Item number | C733c |
| 110 ## - MAIN ENTRY--CORPORATE NAME | |
| Corporate name or jurisdiction name as entry element | Comisión Nacional de Televisión |
| 9 (RLIN) | 9799 |
| 245 #0 - TITLE STATEMENT | |
| Title | El derecho de la televisión / |
| Statement of responsibility, etc. | Comisión Nacional de Televisión |
| 260 ## - PUBLICATION, DISTRIBUTION, ETC. | |
| Place of publication, distribution, etc. | Bogotá, Colombia : |
| Name of publisher, distributor, etc. | Avance Jurídico; |
| -- | Comisión Nacional de Televisión, |
| Date of publication, distribution, etc. | 2009 |
| 300 ## - PHYSICAL DESCRIPTION | |
| Extent | 429 páginas ; |
| Dimensions | 24 centímetros |
| 500 ## - GENERAL NOTE | |
| General note | Incluye introducción e índice |
| 504 ## - BIBLIOGRAPHY, ETC. NOTE | |
| Bibliography, etc. note | Incluye referencias bibliográficas al pie del texto |
| 505 ## - FORMATTED CONTENTS NOTE | |
| Formatted contents note | Leyes -- Ley 182 DE 1995 -- Título I. Disposiciones generales -- Título II. De la Comisión Nacional de Televisión -- Cap. 1. Naturaleza y funciones -- Cap. 2. Organización y estructura de la comisión -- Cap. 3. Clasificación del servicio -- Título III. Prestación del servicio de televisión -- Cap. 1. Del espectro electromagnético -- Cap. 2. Del contenido de la televisión -- Cap. 3. De la operación y la explotación del servicio -- Cap. 4. De la televisión por suscripción -- Cap. 5. de las concesiones -- Título IV. Del régimen para evitar practicas monopolistas -- Título V. De la reorganización de las entidades del sector -- Título VI. Disposiciones finales -- Ley 335 de 1996 -- Ley 506 de 1999 -- Ley 680 de 2001 -- Otras disposiciones especiales aplicables al servicio público de televisión contenidas en la Constitución política y en leyes -- Constitución política de Colombia -- Ley 16 de 1986 -- Ley 30 de 1986 -- ley 49 de 1990 -- Ley 14 de 1991 -- Cap. 1. Del servicio de televisión -- Cap. 2. De las entidades estatales prestatarias del servicio de televisión -- Cap. 3. De la vigilancia del servicio de televisión -- Cap. 4. Régimen de inhabilidades e incompatibilidades -- Cap. 5. Régimen de la prestación del servicio de televisión -- Cap. 6. Servicio de televisión por suscripción Cap. 7.Disposiciones finales -- Ley 5 de 1992 -- Ley 39 de 1993 -- Ley 42 de 1993 -- Ley 44 de 1993 -- Ley 70 de 1999 -- Ley 80 de 1993 -- Ley 107 de 1994 -- Ley 115 de 1994 -- Ley 130 de 1994 -- Ley 134 de 1994 -- Ley 137 de 1994 -- Ley 190 de 1995 -- Ley 198 de 1995 -- Ley 247 de 1995 -- Ley 252 de 1995 -- Ley 324 de 1996 -- Ley 361 de 1997 -- Ley 375 de 1997 -- Ley 387 de 1997 -- Ley 397 de 1997 -- Ley 418 de 1997 -- Ley 488 de 1998 -- Ley 555 de 2000 -- Ley 599 de 2000 -- Ley 633 de 2000 -- Ley 643 de 2001 -- Ley 781 de 2002 --Ley 812 de 2003 -- Ley 814 de 2003 -- Ley 881 de 2004 -- Ley 909 de 2004 -- Ley 985 de 2005 -- Ley 996 de 2005 -- Ley 1014 de 2006 -- Ley 1098 de 2006 -- Ley 1109 de de 2006 -- Ley 1122 de 2007 -- Ley 1146 de 2007 -- Ley 1150 de 2007 -- Ley 1151 de 2007 -- Ley 1251 de 2008. |
| 521 ## - TARGET AUDIENCE NOTE | |
| Target audience note | AREA PROFESIONAL |
| 590 ## - LOCAL NOTE (RLIN) | |
| Local note | Programa de Derecho_18 |
| 630 04 - SUBJECT ADDED ENTRY--UNIFORM TITLE | |
| Uniform title | Ley 182 de 1995 |
| Geographic subdivision | Colombia |
| 9 (RLIN) | 9800 |
| 630 04 - SUBJECT ADDED ENTRY--UNIFORM TITLE | |
| Uniform title | Ley 335 de 1996 |
| Geographic subdivision | Colombia |
| 9 (RLIN) | 9801 |
| 630 04 - SUBJECT ADDED ENTRY--UNIFORM TITLE | |
| Uniform title | Ley 506 de 1999 |
| Geographic subdivision | Colombia |
| 9 (RLIN) | 9802 |
| 630 04 - SUBJECT ADDED ENTRY--UNIFORM TITLE | |
| Uniform title | Ley 680 de 2001 |
| Geographic subdivision | Colombia |
| 9 (RLIN) | 9803 |
| 650 ## - SUBJECT ADDED ENTRY--TOPICAL TERM | |
| Topical term or geographic name entry element | Programas de televisión |
| 9 (RLIN) | 9804 |
| 942 ## - ADDED ENTRY ELEMENTS (KOHA) | |
| Koha item type | Libros |
| Classification part | 343.099 |
| Item part | C733c |
| Source of classification or shelving scheme | Dewey Decimal Classification |
| Suppress in OPAC | No |
| Withdrawn status | Lost status | Source of classification or shelving scheme | Damaged status | Not for loan | Collection | Home library | Current library | Shelving location | Date acquired | Inventory number | Total checkouts | Full call number | Barcode | Date last seen | Copy number | Price effective from | Koha item type |
|---|---|---|---|---|---|---|---|---|---|---|---|---|---|---|---|---|---|
| Dewey Decimal Classification | Miguel Henríquez Castañeda Barranquilla | Miguel Henríquez Castañeda Barranquilla | General | 05/23/2018 | 03195 | 343.099 C733c | 03195 | 07/23/2019 | v.1 ej.1 | 07/23/2019 | Libros |